Giá trị nhất thời và lâu dài của thông tin báo chí /
Guardat en:
| Autor principal: | |
|---|---|
| Format: | Article |
| Idioma: | Vietnamese |
| Matèries: | |
| Etiquetes: |
Afegir etiqueta
Sense etiquetes, Sigues el primer a etiquetar aquest registre!
|
| Thư viện lưu trữ: | Thư viện Trường Đại học Đà Lạt |
|---|
| LEADER | 00747nam a2200265 4500 | ||
|---|---|---|---|
| 001 | DLU090068038 | ||
| 005 | ##20090416 | ||
| 040 | # | # | |a DLU |b vie |
| 041 | # | # | |a vie |
| 044 | # | # | |a vn |
| 100 | # | # | |a Hà Minh Đức, |c GS. |
| 245 | # | # | |a Giá trị nhất thời và lâu dài của thông tin báo chí / |c Hà Minh Đức. |
| 653 | # | # | |a Báo chí |
| 653 | # | # | |a Thông tin |
| 653 | # | # | |a Thời sự |
| 773 | # | # | |t Tạp chí văn học |g Số6 (349), 2000, tr. 3-10 |
| 920 | # | # | |a Phòng Tạp chí -- Trung tâm Thông tin - Thư viện Trường Đại học Đà Lạt |
| 994 | # | # | |a DLU |
| 900 | # | # | |a True |
| 911 | # | # | |a Nguyễn Thị Linh Chi |
| 925 | # | # | |a G |
| 926 | # | # | |a A |
| 927 | # | # | |a BB |
| 980 | # | # | |a Thư viện Trường Đại học Đà Lạt |